[Event "Titled Tuesday intern op 21st Jan Late"]
[Site "Chess.com INT"]
[Date "2025.01.21"]
[Round "2"]
[White "Myers, Dominique"]
[Black "Shetty, Anshul"]
[Result "0-1"]
[WhiteElo "2012"]
[BlackElo "2137"]
[PlyCount "68"]
[EventDate "2025.01.21"]
[EventType "swiss (blitz)"]
[EventRounds "11"]
[EventCountry "USA"]
[SourceTitle "CB05_2025"]
[SourceDate "2025.01.29"]
[SourceVersion "1"]
[SourceVersionDate "2025.01.29"]
[SourceQuality "1"]

1. e4 e5 2. Bc4 Nf6 3. Nc3 Bc5 4. d3 d6 5. f4 exf4 6. Bxf4 h6 7. Qd2 Nc6 8. 0-0-0 Bg4 9. Nf3 Qd7 10. h3 Bxf3 11. gxf3 Nd4 12. Qg2 0-0-0 13. Kb1 Kb8 14. h4 Nh5 15. Bc1 f5 16. Nd5 fxe4 17. fxe4 c6 18. Ne3 Nf4 19. Qh2 Nfe2 20. Bd2 b5 21. Bb3 Nxb3 22. axb3 Nd4 23. Rhg1 Nf3 24. Rg3 Nxh2 25. Nf5 g5 26. Rh1 gxh4 27. Rg7 Qe6 28. Rxh2 Rdg8 29. Re7 Rg1+ 30. Ka2 Qc8 31. Ba5 Qa6 32. b4 Bxb4 33. Kb3 Qxa5 34. c4 Qa4# 0-1

[Event "Titled Tuesday intern op 26th Nov Late"]
[Site "Chess.com INT"]
[Date "2024.11.26"]
[Round "8"]
[White "Hernandez Jimenez, Alexander Andres"]
[Black "Myers, Dominique"]
[Result "1-0"]
[WhiteElo "2026"]
[BlackElo "2029"]
[PlyCount "105"]
[EventDate "2024.11.26"]
[EventType "swiss (blitz)"]
[EventRounds "11"]
[EventCountry "USA"]
[SourceTitle "CB49_2024"]
[SourceDate "2024.12.04"]
[SourceVersion "1"]
[SourceVersionDate "2024.12.04"]
[SourceQuality "1"]

1. e4 d6 2. d4 Nf6 3. Nc3 g6 4. Nf3 Bg7 5. a4 c6 6. g3 0-0 7. Bg2 Bg4 8. 0-0 e5 9. dxe5 Bxf3 10. Bxf3 dxe5 11. Be3 Na6 12. Qe2 Qe7 13. Rfd1 Rfd8 14. h3 Nb4 15. a5 Nd7 16. Kg2 Nf8 17. Ra4 Ne6 18. Bg4 Nd4 19. Bxd4 exd4 20. Na2 Na6 21. f4 Nc5 22. Rc4 Nxe4 23. Re1 f5 24. Bf3 Re8 25. Nb4 Rad8 26. Nd3 Qf7 27. Rb4 c5 28. Rb5 Bf8 29. Ne5 Rxe5 30. fxe5 Ng5 31. e6 Qe8 32. Rxb7 Be7 33. h4 Nxf3 34. Qxf3 Kg7 35. Rxa7 Rd6 36. Qb7 Kf6 37. a6 c4 38. Qxe7+ Qxe7 39. Rxe7 Kxe7 40. Ra1 d3 41. a7 Rd8 42. cxd3 cxd3 43. a8Q Rxa8 44. Rxa8 Kxe6 45. Ra1 Kd5 46. Kf3 Kd4 47. Rd1 h6 48. b4 g5 49. b5 Kc3 50. b6 Kc2 51. Rxd3 Kxd3 52. b7 gxh4 53. gxh4 1-0

[Event "Titled Tuesday intern op 26th Nov Late"]
[Site "Chess.com INT"]
[Date "2024.11.26"]
[Round "3"]
[White "Zhu, Jiner"]
[Black "Myers, Dominique"]
[Result "1-0"]
[WhiteElo "2514"]
[BlackElo "2029"]
[PlyCount "70"]
[EventDate "2024.11.26"]
[EventType "swiss (blitz)"]
[EventRounds "11"]
[EventCountry "USA"]
[SourceTitle "CB49_2024"]
[SourceDate "2024.12.04"]
[SourceVersion "1"]
[SourceVersionDate "2024.12.04"]
[SourceQuality "1"]

1. Nf3 Nf6 2. g3 g6 3. Bg2 Bg7 4. c4 0-0 5. d4 d5 6. cxd5 Nxd5 7. 0-0 Nb6 8. a4 a5 9. Nc3 Nc6 10. e3 Nb4 11. h3 c6 12. e4 Be6 13. Re1 Bc4 14. b3 Ba6 15. Bg5 h6 16. Be3 Nd7 17. e5 e6 18. Ne4 Nb6 19. Qd2 Kh7 20. h4 N6d5 21. Rad1 Bd3 22. Nc5 Bf5 23. Nxb7 Qb6 24. Nc5 Rfd8 25. h5 g5 26. Bxg5 hxg5 27. Nxg5+ Kg8 28. Nf3 f6 29. h6 Bh8 30. Nh4 Bh7 31. exf6 Bxf6 32. Rxe6 Ra7 33. Rxf6 Nxf6 34. Qg5+ Kf8 35. Qxf6+ Rf7 1-0

[Event "Titled Tuesday intern op 10th Sep Late"]
[Site "Chess,com INT"]
[Date "2024.09.10"]
[Round "11"]
[White "Myers, Dominique"]
[Black "Herbrig, Alexander"]
[Result "1-0"]
[WhiteElo "2029"]
[BlackElo "2295"]
[PlyCount "89"]
[EventDate "2024.09.10"]
[EventType "swiss (blitz)"]
[EventRounds "11"]
[EventCountry "USA"]
[SourceTitle "EXT 2025"]
[Source "ChessBase"]
[SourceDate "2024.10.14"]
[SourceVersion "1"]
[SourceVersionDate "2024.10.14"]
[SourceQuality "1"]

1. e4 c5 2. Nf3 d6 3. d4 cxd4 4. Nxd4 Nf6 5. Nc3 g6 6. Be3 Nc6 7. Be2 Bg7 8. 0-0 0-0 9. f4 h5 10. h3 Bd7 11. Bf3 Na5 12. Nd5 Nxd5 13. exd5 Nc4 14. Bc1 Qb6 15. c3 Nxb2 16. Qe2 Na4 17. Be3 Nc5 18. f5 Qa6 19. Qf2 Qd3 20. fxg6 fxg6 21. Rac1 Qc4 22. Qg3 Kh7 23. Qh4 Bf6 24. Bg5 Bxg5 25. Qxg5 Qd3 26. Qxe7+ Kh8 27. Qxd6 Qe3+ 28. Kh1 Rae8 29. Qxc5 Bg4 30. Bxg4 Rxf1+ 31. Rxf1 hxg4 32. Rf8+ Rxf8 33. Qxf8+ Kh7 34. hxg4 Qe1+ 35. Kh2 Qh4+ 36. Kg1 Qe1+ 37. Qf1 Qe3+ 38. Qf2 Qc1+ 39. Kh2 Qxc3 40. Qh4+ Kg7 41. Ne6+ Kg8 42. Qd8+ Kh7 43. Qe7+ Kh6 44. Qf8+ Kh7 45. Ng5# 1-0

[Event "Titled Tuesday intern op 10th Sep Late"]
[Site "Chess,com INT"]
[Date "2024.09.10"]
[Round "3"]
[White "Noy, Eyal"]
[Black "Myers, Dominique"]
[Result "0-1"]
[WhiteElo "2216"]
[BlackElo "2029"]
[PlyCount "84"]
[EventDate "2024.09.10"]
[EventType "swiss (blitz)"]
[EventRounds "11"]
[EventCountry "USA"]
[SourceTitle "EXT 2025"]
[Source "ChessBase"]
[SourceDate "2024.10.14"]
[SourceVersion "1"]
[SourceVersionDate "2024.10.14"]
[SourceQuality "1"]

1. d4 Nf6 2. c4 g6 3. Nf3 Bg7 4. g3 c6 5. Bg2 d5 6. Qc2 Kf8 7. 0-0 Kg8 8. Nbd2 Bf5 9. Qb3 Qb6 10. Qa3 Bf8 11. c5 Qc7 12. b4 a6 13. Nb3 Nbd7 14. Bf4 Qc8 15. Na5 Ne4 16. Qb2 Bg7 17. a4 h6 18. h4 Kh7 19. b5 axb5 20. axb5 Ndxc5 21. Be5 Ne6 22. Bxg7 Kxg7 23. Rfc1 Nd8 24. bxc6 bxc6 25. Ne5 Rb8 26. Qa3 Re8 27. Naxc6 Nxc6 28. Nxc6 Ra8 29. Qxa8 Qxa8 30. Rxa8 Rxa8 31. Nxe7 Be6 32. Bxe4 dxe4 33. d5 Bg4 34. Rc2 Kf6 35. Nc6 Ra1+ 36. Kg2 Rd1 37. Rc5 Bxe2 38. f4 Rd2 39. Kf2 Bg4+ 40. Ke3 Rd3+ 41. Kf2 e3+ 42. Kg2 Rd2+ 0-1

[Event "Titled Tuesday intern op 03rd Sep Late"]
[Site "Chess.com INT"]
[Date "2024.09.03"]
[Round "10"]
[White "Jian, Alex"]
[Black "Myers, Dominique"]
[Result "1-0"]
[WhiteElo "2031"]
[BlackElo "2029"]
[PlyCount "83"]
[EventDate "2024.09.03"]
[EventType "swiss (blitz)"]
[EventRounds "11"]
[EventCountry "USA"]
[SourceTitle "EXT 2025"]
[Source "ChessBase"]
[SourceDate "2024.10.14"]
[SourceVersion "1"]
[SourceVersionDate "2024.10.14"]
[SourceQuality "1"]

1. d4 Nf6 2. c4 g6 3. Nc3 d5 4. cxd5 Nxd5 5. e4 Nxc3 6. bxc3 Bg7 7. Bc4 c5 8. Ne2 0-0 9. 0-0 Qc7 10. Bf4 e5 11. dxe5 Be6 12. Bxe6 fxe6 13. Qd6 Qc8 14. Bg3 Rd8 15. Qe7 Nc6 16. Qxc5 Nxe5 17. Qb5 a6 18. Qb3 Nc4 19. Rfd1 b5 20. Nd4 Rd7 21. a4 Rb8 22. axb5 axb5 23. Bxb8 Qxb8 24. Qxb5 Qxb5 25. Nxb5 Rb7 26. Ra8+ Bf8 27. Rdd8 Rxb5 28. Rxf8+ Kg7 29. f3 Rb2 30. Rfb8 Rc2 31. Ra7+ Kf6 32. f4 g5 33. Rf8+ Kg6 34. Rg8+ Kf6 35. Rxg5 e5 36. Rf5+ Ke6 37. fxe5 Ne3 38. Ra6+ Ke7 39. Rg5 Re2 40. Rg7+ Kf8 41. Rb7 Rxg2+ 42. Kh1 1-0

[Event "Titled Tuesday intern op 03rd Sep Late"]
[Site "Chess.com INT"]
[Date "2024.09.03"]
[Round "9"]
[White "Myers, Dominique"]
[Black "Deng, Henry"]
[Result "1-0"]
[WhiteElo "2029"]
[BlackElo "2338"]
[PlyCount "65"]
[EventDate "2024.09.03"]
[EventType "swiss (blitz)"]
[EventRounds "11"]
[EventCountry "USA"]
[SourceTitle "EXT 2025"]
[Source "ChessBase"]
[SourceDate "2024.10.14"]
[SourceVersion "1"]
[SourceVersionDate "2024.10.14"]
[SourceQuality "1"]

1. e4 c5 2. Nc3 e6 3. Nge2 Nc6 4. g3 d5 5. exd5 exd5 6. d4 Nf6 7. Bg2 cxd4 8. Nxd4 Bg4 9. Qd3 Bc5 10. Nb3 Qe7+ 11. Be3 Bxe3 12. fxe3 0-0 13. 0-0 Rad8 14. Rae1 Bh5 15. Nd4 Bg6 16. Qd2 Rfe8 17. a3 Ne5 18. b3 Qxa3 19. Rxf6 gxf6 20. Nxd5 Kg7 21. Rf1 Qc5 22. c4 Nc6 23. Nxf6 Rf8 24. Bd5 Qe7 25. g4 Rd6 26. g5 Qe5 27. Nf3 Qe7 28. e4 Ne5 29. Qd4 Nxf3+ 30. Rxf3 Kh8 31. Ng4+ f6 32. gxf6 Qd7 33. f7+ 1-0

[Event "Titled Tuesday intern op 03rd Sep Late"]
[Site "Chess.com INT"]
[Date "2024.09.03"]
[Round "3"]
[White "Myers, Dominique"]
[Black "Mendes, Aaron Reeve"]
[Result "0-1"]
[WhiteElo "2029"]
[BlackElo "2320"]
[PlyCount "102"]
[EventDate "2024.09.03"]
[EventType "swiss (blitz)"]
[EventRounds "11"]
[EventCountry "USA"]
[SourceTitle "EXT 2025"]
[Source "ChessBase"]
[SourceDate "2024.10.14"]
[SourceVersion "1"]
[SourceVersionDate "2024.10.14"]
[SourceQuality "1"]

1. e4 c6 2. d4 d5 3. e5 c5 4. Nf3 Nc6 5. Nc3 cxd4 6. Nb5 Bg4 7. Nbxd4 Nxe5 8. Nxe5 Bd7 9. Qf3 Nf6 10. Bg5 a6 11. Bxf6 gxf6 12. Nxd7 Qxd7 13. 0-0-0 Rc8 14. Bd3 h5 15. Rhe1 Rg8 16. Bf5 Qa4 17. Bxc8 Qxa2 18. Nf5 e6 19. Bxb7 Qa1+ 20. Kd2 Qxb2 21. Qb3 Bb4+ 22. Ke2 Qe5+ 23. Ne3 Bxe1 24. Bc6+ Kf8 25. Kxe1 d4 26. Qb4+ Kg7 27. Qxd4 Qxh2 28. Bf3 Rc8 29. Ra1 Rb8 30. Nf1 Qc7 31. Bxh5 Qxc2 32. Bd1 Qc6 33. Qg4+ Kf8 34. Qf4 Rb5 35. Ne3 Qc3+ 36. Kf1 Qxa1 37. Qd6+ Kg7 38. Kg1 Rd5 39. Qg3+ Rg5 40. Qf3 a5 41. Kh2 a4 42. Bc2 a3 43. Ng4 a2 44. Qh3 Kf8 45. Qa3+ Kg8 46. Nh6+ Kg7 47. Qd3 Rh5+ 48. Kg3 Qe5+ 49. f4 Qe1+ 50. Kf3 Rxh6 51. Qd2 Qxd2 0-1

[Event "Titled Tuesday intern op 03rd Sep Late"]
[Site "Chess.com INT"]
[Date "2024.09.03"]
[Round "4"]
[White "Oliveira, Tiago Batista"]
[Black "Myers, Dominique"]
[Result "0-1"]
[WhiteElo "1982"]
[BlackElo "2029"]
[PlyCount "100"]
[EventDate "2024.09.03"]
[EventType "swiss (blitz)"]
[EventRounds "11"]
[EventCountry "USA"]
[SourceTitle "EXT 2025"]
[Source "ChessBase"]
[SourceDate "2024.10.14"]
[SourceVersion "1"]
[SourceVersionDate "2024.10.14"]
[SourceQuality "1"]

1. d4 Nf6 2. c4 e6 3. g3 Bb4+ 4. Bd2 Bxd2+ 5. Nxd2 0-0 6. Bg2 d5 7. Ngf3 c6 8. Qc2 b6 9. 0-0 Bb7 10. Rfd1 Nbd7 11. e4 dxe4 12. Nxe4 Qe7 13. Ne5 Nxe5 14. dxe5 Nxe4 15. Bxe4 c5 16. Bxh7+ Kh8 17. Be4 Rad8 18. Qe2 g6 19. h4 Kg7 20. Bxb7 Qxb7 21. Rxd8 Rxd8 22. Rd1 Rxd1+ 23. Qxd1 Qe4 24. Qd6 Qxc4 25. Qc7 Qxa2 26. Qe7 Qb1+ 27. Kh2 Qf5 28. f4 a5 29. Qd8 b5 30. Qxa5 Qc2+ 31. Kh3 Qxb2 32. Qd8 Qd4 33. Qf6+ Kg8 34. h5 gxh5 35. Qg5+ Kf8 36. Qh6+ Ke8 37. Qxh5 Qd3 38. Qh8+ Kd7 39. Qb8 b4 40. Qb7+ Ke8 41. Qc6+ Kd8 42. Qxc5 b3 43. Qf8+ Kc7 44. Qxf7+ Qd7 45. Qg6 Kb6 46. Qb1 Qd5 47. Kg4 Qc4 48. Kg5 Qc2 49. Qg1+ Kc6 50. Qg2+ Qxg2 0-1

[Event "Titled Tuesday intern op 03rd Sep Late"]
[Site "Chess.com INT"]
[Date "2024.09.03"]
[Round "5"]
[White "Swara, Lakshmi S Nair"]
[Black "Myers, Dominique"]
[Result "1-0"]
[WhiteElo "2018"]
[BlackElo "2029"]
[PlyCount "33"]
[EventDate "2024.09.03"]
[EventType "swiss (blitz)"]
[EventRounds "11"]
[EventCountry "USA"]
[SourceTitle "EXT 2025"]
[Source "ChessBase"]
[SourceDate "2024.10.14"]
[SourceVersion "1"]
[SourceVersionDate "2024.10.14"]
[SourceQuality "1"]

1. e4 e5 2. Nf3 c6 3. d4 exd4 4. Nxd4 Nf6 5. Nc3 Bb4 6. Bd3 0-0 7. 0-0 d5 8. e5 Ng4 9. e6 Qh4 10. h3 Nxf2 11. Rxf2 Qxd4 12. Bxh7+ Kxh7 13. Qxd4 Na6 14. exf7 Be6 15. Qh4+ Kg6 16. Qg5+ Kh7 17. Qh5# 1-0

[Event "Titled Tuesday intern op 18th Jun Early"]
[Site "Chess.com INT"]
[Date "2024.06.18"]
[Round "1"]
[White "Myers, Dominique"]
[Black "Altini, Nicola"]
[Result "0-1"]
[WhiteElo "2028"]
[BlackElo "2370"]
[PlyCount "122"]
[EventDate "2024.06.18"]
[EventType "swiss (blitz)"]
[EventRounds "11"]
[EventCountry "USA"]
[SourceTitle "EXT 2025"]
[Source "ChessBase"]
[SourceDate "2024.10.14"]
[SourceVersion "1"]
[SourceVersionDate "2024.10.14"]
[SourceQuality "1"]

1. e4 c5 2. Nf3 Nc6 3. d4 cxd4 4. Nxd4 Nf6 5. Nc3 e6 6. Ndb5 Bc5 7. Nd6+ Ke7 8. Bf4 e5 9. Nf5+ Kf8 10. Bg5 d6 11. Ne3 h6 12. Bxf6 Qxf6 13. Ncd5 Qd8 14. Bc4 a6 15. a4 g6 16. 0-0 Kg7 17. c3 f5 18. exf5 gxf5 19. b4 Ba7 20. Qh5 Qg5 21. Qxg5+ hxg5 22. Nc7 Rb8 23. Ne6+ Bxe6 24. Bxe6 Bxe3 25. fxe3 f4 26. exf4 gxf4 27. Rad1 Rbd8 28. Bd5 Rd7 29. Rfe1 Rhd8 30. a5 Ne7 31. Bf3 Ng6 32. Rd3 Kf6 33. Red1 Ke7 34. Be4 Nf8 35. c4 Ne6 36. Bf5 Rc7 37. Bxe6 Kxe6 38. c5 d5 39. Kf2 d4 40. Kf3 Kd5 41. Re1 Rg8 42. Rd2 Rcg7 43. Rde2 Rg5 44. Re4 d3 45. Rd1 Rg3+ 46. hxg3 Rxg3+ 47. Kf2 Kxe4 48. b5 axb5 49. c6 bxc6 50. a6 Rg8 51. a7 Ra8 52. Rc1 Rxa7 53. Rxc6 Ra2+ 54. Kf1 Ke3 55. Rc1 e4 56. g3 Rf2+ 57. Kg1 fxg3 58. Re1+ Re2 59. Rf1 d2 60. Rd1 Re1+ 61. Kg2 Rxd1 0-1

[Event "Titled Tuesday intern op 28th May Late"]
[Site "Chess.com INT"]
[Date "2024.05.28"]
[Round "10"]
[White "Montano Vicente, Guadalupe"]
[Black "Myers, Dominique"]
[Result "0-1"]
[WhiteElo "1787"]
[BlackElo "2028"]
[PlyCount "90"]
[EventDate "2024.05.28"]
[EventType "swiss (blitz)"]
[EventRounds "11"]
[EventCountry "USA"]
[SourceTitle "EXT 2025"]
[Source "ChessBase"]
[SourceDate "2024.10.14"]
[SourceVersion "1"]
[SourceVersionDate "2024.10.14"]
[SourceQuality "1"]

1. d4 Nf6 2. c4 g6 3. Nc3 d5 4. Nf3 Bg7 5. Qb3 dxc4 6. Qxc4 0-0 7. Bf4 c6 8. e4 Bg4 9. Be2 Nbd7 10. Qd3 Qa5 11. 0-0 Bxf3 12. Bxf3 e5 13. dxe5 Nxe5 14. Bxe5 Qxe5 15. Rfe1 Rfd8 16. Qe3 Rd7 17. h3 a5 18. a4 Rad8 19. Re2 Rd4 20. Rae1 Nd7 21. Bg4 Nc5 22. f4 Qe7 23. e5 Nd3 24. Rf1 Qb4 25. e6 f5 26. e7 Re8 27. Bf3 Nxf4 28. Ref2 Rd7 29. Bd1 Bd4 30. Qxf4 Bxf2+ 31. Rxf2 Rexe7 32. Qxb4 axb4 33. Bb3+ Kg7 34. Nd1 Re1+ 35. Rf1 Re2 36. Rf2 Re4 37. Kf1 Red4 38. Ne3 h5 39. g3 Rd3 40. Ng2 Rxb3 41. Nf4 Re7 42. Rd2 Rxg3 43. Kf2 Rge3 44. Ne2 Rxh3 45. Ng3 Rh2+ 0-1

[Event "Titled Tuesday intern op 28th May Late"]
[Site "Chess.com INT"]
[Date "2024.05.28"]
[Round "11"]
[White "Myers, Dominique"]
[Black "Avila Bautista, Roberto Al"]
[Result "1-0"]
[WhiteElo "2028"]
[BlackElo "2202"]
[PlyCount "85"]
[EventDate "2024.05.28"]
[EventType "swiss (blitz)"]
[EventRounds "11"]
[EventCountry "USA"]
[SourceTitle "EXT 2025"]
[Source "ChessBase"]
[SourceDate "2024.10.14"]
[SourceVersion "1"]
[SourceVersionDate "2024.10.14"]
[SourceQuality "1"]

1. e4 c5 2. Nc3 g6 3. g3 Bg7 4. Bg2 Nc6 5. Nge2 Nf6 6. 0-0 0-0 7. d3 b6 8. f4 Bb7 9. h3 e6 10. g4 Ne8 11. Ng3 Nd4 12. g5 f5 13. gxf6 Nxf6 14. a4 Qe7 15. Be3 Ne8 16. a5 b5 17. a6 Bc6 18. Kh2 b4 19. Nb1 d6 20. Nd2 e5 21. Bxd4 cxd4 22. f5 Bh6 23. Qg4 Nf6 24. Qh4 Kg7 25. Rf3 Rae8 26. fxg6 hxg6 27. Raf1 Bf4 28. Rxf4 exf4 29. Rxf4 Nd7 30. Qg4 Rxf4 31. Nh5+ Kh6 32. Nxf4 Ne5 33. Qg3 Qg5 34. Nb3 Rf8 35. Qxg5+ Kxg5 36. Ne6+ Kh4 37. Nxf8 g5 38. Nxd4 Be8 39. Nf3+ Nxf3+ 40. Bxf3 Bf7 41. b3 Be8 42. Bg4 Bb5 43. Ng6# 1-0

[Event "Titled Tuesday intern op 28th May Late"]
[Site "Chess.com INT"]
[Date "2024.05.28"]
[Round "3"]
[White "Myers, Dominique"]
[Black "Diaz Garcia, Lianet"]
[Result "1-0"]
[WhiteElo "2028"]
[BlackElo "1992"]
[PlyCount "159"]
[EventDate "2024.05.28"]
[EventType "swiss (blitz)"]
[EventRounds "11"]
[EventCountry "USA"]
[SourceTitle "EXT 2025"]
[Source "ChessBase"]
[SourceDate "2024.10.14"]
[SourceVersion "1"]
[SourceVersionDate "2024.10.14"]
[SourceQuality "1"]

1. e4 c5 2. d3 a6 3. Nd2 b5 4. g3 Bb7 5. Bg2 e6 6. f4 Nf6 7. Ngf3 d5 8. Qe2 Qb6 9. 0-0 Be7 10. Kh1 Nc6 11. e5 Nd7 12. c3 g6 13. g4 h5 14. Ng5 Bxg5 15. fxg5 Ndxe5 16. gxh5 Rxh5 17. Nf3 Nxf3 18. Bxf3 Rh7 19. Bxd5 0-0-0 20. Bg2 Rdh8 21. Bf4 Ne7 22. Qe5 Bxg2+ 23. Kxg2 Qb7+ 24. Rf3 Nf5 25. Qxc5+ Kd7 26. Re1 Nh4+ 27. Kg1 Nxf3+ 28. Kf1 Nxe1 29. Qd6+ Kc8 30. Qc5+ Kd8 31. Qd4+ Qd7 32. Qf6+ Ke8 33. Kxe1 Rh4 34. Bg3 Rh3 35. Qe5 Rxg3 36. Qxh8+ Ke7 37. Qf6+ Ke8 38. Qh8+ Ke7 39. hxg3 Qd5 40. Qf6+ Kd7 41. Qf4 Qxa2 42. Qxf7+ Kd6 43. Qxg6 Qb1+ 44. Ke2 Qxb2+ 45. Ke3 Qxc3 46. Qf6 Qe1+ 47. Kf3 Qf1+ 48. Kg4 Qxd3 49. g6 Qe2+ 50. Kh3 Qh5+ 51. Kg2 Qe2+ 52. Qf2 Qe4+ 53. Qf3 Qxg6 54. Qf4+ Ke7 55. Qc7+ Kf6 56. Qc3+ Kf7 57. Qa5 Qe4+ 58. Kf2 Qc6 59. Qd2 Ke7 60. Qg5+ Kd6 61. Qf4+ Kc5 62. g4 Qd5 63. g5 Qf5 64. Qxf5+ exf5 65. g6 b4 66. g7 b3 67. g8Q Kb4 68. Qf8+ Kb5 69. Ke2 a5 70. Kd2 Ka4 71. Kc3 b2 72. Kxb2 Kb5 73. Kb3 Ka6 74. Qxf5 Kb6 75. Kc4 Kb7 76. Qf6 Ka7 77. Kb5 Kb7 78. Qe7+ Kb8 79. Kb6 Ka8 80. Qb7# 1-0

[Event "Titled Tuesday intern op 14th May Late"]
[Site "Chess.com INT"]
[Date "2024.05.14"]
[Round "3"]
[White "Myers, Dominique"]
[Black "Martinez Ramirez, Lennis"]
[Result "0-1"]
[WhiteElo "2027"]
[BlackElo "2454"]
[PlyCount "56"]
[EventDate "2024.05.14"]
[EventType "swiss (blitz)"]
[EventRounds "11"]
[EventCountry "USA"]
[SourceTitle "CBM 220 Extra"]
[Source "ChessBase"]
[SourceDate "2024.07.31"]
[SourceVersion "1"]
[SourceVersionDate "2024.07.31"]
[SourceQuality "1"]

1. e4 c6 2. Nc3 d5 3. Nf3 Bg4 4. h3 Bxf3 5. Qxf3 e6 6. d3 Nf6 7. Bd2 Bb4 8. 0-0-0 Nbd7 9. g4 0-0 10. g5 Ne8 11. Qg3 d4 12. Ne2 Bxd2+ 13. Rxd2 e5 14. h4 Qa5 15. a3 b5 16. f4 b4 17. Kd1 bxa3 18. bxa3 Rb8 19. Nc1 Rb1 20. Ke2 Rxc1 21. f5 Qxa3 22. f6 Qa1 23. fxg7 Nxg7 24. h5 Ne6 25. g6 fxg6 26. hxg6 Nf4+ 27. Kf3 Nxg6+ 28. Kg4 Rcxf1 0-1

[Event "Titled Tuesday intern op 23rd Apr Early"]
[Site "Chess.com INT"]
[Date "2024.04.23"]
[Round "4"]
[White "Bashirov, Kemal"]
[Black "Myers, Dominique"]
[Result "1-0"]
[WhiteElo "2386"]
[BlackElo "2022"]
[PlyCount "97"]
[EventDate "2024.04.23"]
[EventType "swiss (blitz)"]
[EventRounds "11"]
[EventCountry "USA"]
[SourceTitle "EXT 2025"]
[Source "ChessBase"]
[SourceDate "2024.10.14"]
[SourceVersion "1"]
[SourceVersionDate "2024.10.14"]
[SourceQuality "1"]

1. d4 Nf6 2. Nf3 g6 3. Nbd2 d5 4. e3 Bg7 5. b4 0-0 6. Bb2 a5 7. b5 c6 8. c4 Nbd7 9. bxc6 bxc6 10. Be2 a4 11. 0-0 Ne4 12. cxd5 cxd5 13. Nxe4 dxe4 14. Nd2 Bb7 15. Nc4 Bd5 16. Rc1 Qb8 17. Ba3 Re8 18. Nd2 Bxa2 19. Qc2 Bb3 20. Qxe4 Nf6 21. Qd3 Rc8 22. Rb1 Nd5 23. Nxb3 Rc3 24. Nc5 Qd8 25. Qe4 Nf6 26. Qb7 Rxa3 27. Qb2 Rb3 28. Nxb3 axb3 29. Qxb3 Ne4 30. Qd3 Ra2 31. Qxe4 Rxe2 32. Ra1 Rb2 33. Ra8 Rb8 34. Rfa1 Bf8 35. Rxb8 Qxb8 36. Ra8 Qb4 37. g3 Kg7 38. Qe5+ Kg8 39. Qb8 Qxb8 40. Rxb8 Kg7 41. Kg2 f5 42. Kf3 Kf7 43. Kf4 Bg7 44. Rb7 Bf6 45. d5 Ke8 46. d6 Kd8 47. dxe7+ Bxe7 48. Rxe7 Kxe7 49. Ke5 1-0

[Event "Titled Tuesday intern op 23rd Apr Early"]
[Site "Chess.com INT"]
[Date "2024.04.23"]
[Round "9"]
[White "Liu, Casper Yukun"]
[Black "Myers, Dominique"]
[Result "0-1"]
[WhiteElo "2282"]
[BlackElo "2022"]
[PlyCount "56"]
[EventDate "2024.04.23"]
[EventType "swiss (blitz)"]
[EventRounds "11"]
[EventCountry "USA"]
[SourceTitle "EXT 2025"]
[Source "ChessBase"]
[SourceDate "2024.10.14"]
[SourceVersion "1"]
[SourceVersionDate "2024.10.14"]
[SourceQuality "1"]

1. d4 Nf6 2. Nc3 d5 3. Bg5 Nbd7 4. e3 h6 5. Bh4 e6 6. Nf3 Be7 7. Bd3 0-0 8. 0-0 b6 9. Re1 Bb7 10. e4 dxe4 11. Nxe4 Nxe4 12. Bxe4 Bxe4 13. Bxe7 Qxe7 14. Rxe4 Nf6 15. Re3 Rad8 16. Qe2 Nd5 17. Ra3 a5 18. Ne5 Rd6 19. Rg3 Nf6 20. c3 c5 21. Qe3 cxd4 22. Qxh6 Ne8 23. Qh5 Nf6 24. Qh6 Ne8 25. Qh5 Qf6 26. Qg5 Qxg5 27. Rxg5 f6 28. Nc4 fxg5 0-1

[Event "Titled Tuesday intern op 23rd Apr Early"]
[Site "Chess.com INT"]
[Date "2024.04.23"]
[Round "5"]
[White "Myers, Dominique"]
[Black "Anupam, M Sreekumar"]
[Result "0-1"]
[WhiteElo "2022"]
[BlackElo "1777"]
[PlyCount "96"]
[EventDate "2024.04.23"]
[EventType "swiss (blitz)"]
[EventRounds "11"]
[EventCountry "USA"]
[SourceTitle "EXT 2025"]
[Source "ChessBase"]
[SourceDate "2024.10.14"]
[SourceVersion "1"]
[SourceVersionDate "2024.10.14"]
[SourceQuality "1"]

1. e4 e5 2. Nf3 Nc6 3. Bc4 Bc5 4. Nc3 Nf6 5. 0-0 0-0 6. d3 h6 7. Nd5 d6 8. c3 Bb6 9. a4 Be6 10. b4 a6 11. Qb3 Bxd5 12. Bxd5 Nxd5 13. Qxd5 Rb8 14. Be3 Ne7 15. Qb3 Bxe3 16. fxe3 c6 17. a5 Qc7 18. d4 Ng6 19. Nd2 Rbe8 20. Nc4 exd4 21. exd4 Rxe4 22. Nb6 d5 23. Rf2 Rfe8 24. Raf1 Re1 25. Qc2 Rxf1+ 26. Rxf1 Qe7 27. Qf2 Qe3 28. Na4 Qxf2+ 29. Kxf2 Nf4 30. Rd1 Ne6 31. g3 Kf8 32. Kf3 Ng5+ 33. Kg4 Ne4 34. Rf1 Ke7 35. h4 g6 36. Rf3 f5+ 37. Kf4 Kf6 38. g4 g5+ 39. hxg5+ hxg5+ 40. Ke3 Nxc3+ 41. Kd3 Nxa4 42. Rxf5+ Kg6 43. Rf2 Re4 44. Ra2 Rxg4 45. Rxa4 Kf5 46. Ra1 Rg3+ 47. Ke2 Rg4 48. Rd1 Re4+ 0-1

[Event "Titled Tuesday intern op 23rd Apr Early"]
[Site "Chess.com INT"]
[Date "2024.04.23"]
[Round "10"]
[White "Myers, Dominique"]
[Black "Winkels, Marcel"]
[Result "0-1"]
[WhiteElo "2022"]
[BlackElo "1915"]
[PlyCount "30"]
[EventDate "2024.04.23"]
[EventType "swiss (blitz)"]
[EventRounds "11"]
[EventCountry "USA"]
[SourceTitle "EXT 2025"]
[Source "ChessBase"]
[SourceDate "2024.10.14"]
[SourceVersion "1"]
[SourceVersionDate "2024.10.14"]
[SourceQuality "1"]

1. e4 Nf6 2. Nc3 d5 3. e5 Nfd7 4. d4 e6 5. Nf3 c5 6. dxc5 Nxc5 7. Bf4 Nc6 8. Bd3 Nxd3+ 9. cxd3 d4 10. Ne4 Be7 11. 0-0 0-0 12. Rc1 Bd7 13. h3 Rc8 14. a3 Qb6 15. Qd2 Na5 0-1